Представление документа в формате RUSMARC

ПолеНазваниеЗначение
  Тип записи a
  Библиографический уровень m
001 Контрольный номер LIBNET\0001494266
005 Дата корректировки 20260428154159.6
010 Индекс ISBN __
a ISBN 978-5-392-44222-5
9 Тираж 2000 экз.
100 Данные общей обработки __
a Данные общей обработки 20260402d2025 u y0rusy0189 cа
101 Язык документа 0_
a Язык текста rus
102 Страна публикации __
a Страна публикации RU
105 Кодированные данные (монография) __
a Кодированные данные (монография) y z 000ay
200 Заглавие и сведения об ответственности 1_
a Заглавие Россия и Запад
e Сведения, относящиеся к заглавию эссе и стихи
f Первые сведения об ответственности Ф. И. Тютчев
203 Вид содержания и тип средства __
a Вид содержания Текст
b Характеристика содержания визуальный
c Тип средства непосредственный
210 Выходные данные 1_
a Место издания Москва
c Издательство Проспект
d Дата издания 2025
215 Физическое описание __
a Объем 267, [3] с.
333 Примечание о целевом назначении __
a Примечание о целевом назначении 12+
606 Тематические рубрики 1_
a Основная рубрика Стихи (х. л.)
606 Тематические рубрики 1_
a Основная рубрика Эссе
610 Ключевые слова 1_
a Ключевые слова стихи русские; эссе
686 Индексы других классификаций __
a Классификационный индекс 84Р1
2 Код системы rubbk
700 Автор _1
a Фамилия Тютчев
b Имя (инициалы) Ф. И.
f Даты 1803-1873
g Полное личное имя Федор Иванович
801 Источник записи _0
a Страна RU
b Организация Архангельская ОНБ
c Дата составления 20250825
g Правила каталогизации rcr
801 Источник записи _1
a Страна RU
b Организация Архангельская ОНБ
c Дата составления 20250825
g Правила каталогизации rcr
801 Источник записи _1
a Страна RU
b Организация Ульяновская ОНБ
c Дата составления 20260402
g Правила каталогизации RCR
900 Электронные ресурсы __
a Имя электронного ресурса проспект20260123
900 Электронные ресурсы __
a Имя электронного ресурса проспект20260124
901 Тип документа __
t Тип документа m
909 Создатель записи __
a Создатель записи Макушик
b Дата создания записи 20260402
910 Корректоры записи __
a Корректор записи Пряхина
b Дата внесения изменения в запись 20260428